Najwybitniejsi Skoczkowie Narciarscy Wszech Czasów - Statystyki

Ogólne statystyki
  • Ten quiz został rozwiązany 314 razy
  • Średni wynik to 14 z 21
Statystyki odpowiedzi
Hint Odpowiedź % Poprawnych
Trzykrotny mistrz olimpijski, posiadający rekord Polski w długości lotu, wygrał wszystkie konkursy w jednym Turnieju Czterech Skoczni Kamil Stoch
95%
Czterokrotnie wybierany najlepszym sportowcem Polski, aktualnie kierowca rajdowy Adam Małysz
92%
Skoczek z Finlandii, jako jedyny wygrał 5 edycji Turnieju Czterech Skoczni, dwukrotny indywidualny mistrz świata Janne Ahonen
91%
Austriak, indywidualny mistrz świata z dużej i normalnej skoczni z 2017, aktualny rekordzista w długości skoku (253,5 m) Stefan Kraft
88%
Szwajcar, czterokrotny mistrz olimpijski Simon Ammann
87%
Słoweński skoczek narciarski, zdobywca PŚ 2015/16, zwycięzca TCS, jako pierwszy zdobył trzy razy z rzędu PŚ w lotach narciarskich Peter Prevc
86%
W 1972 w Sapporo jako pierwszy polak został mistrzem olimpijskim, a pojechał tam przypadkiem Wojciech Fortuna
79%
Austriacki skoczek narciarski, który wygrał najwięcej zawodów pucharu świata w historii Gregor Schlierenzauer
78%
Najstarszy medalista olimpijski, zwycięzca konkursu PŚ, zawodnik na podium PŚ Noriaki Kasai
76%
Austriak, trzykrotny mistrz olimpijski, ośmiokrotny mistrz świata Thomas Morgenstern
73%
Niemiec, zdobywca PŚ 2014/15, indywidualny mistrz świata, drużynowy złoty medalista igrzysk w Soczi Severin Freund
72%
Niemiecki skoczek, który jako pierwszy wygrał wszystkie konkursy Turnieju Czterech Skoczni podczas jednej edycji Sven Hannawald
67%
Uznawany za najlepszego skoczka w dziejach oraz największy talent, Fin Matti Nykanen
64%
Niemiec, trzykrotny medalista olimpijski, 28 wygranych w PŚ, dwie Kryształowe Kule Martin Schmitt
60%
Polski skoczek narciarski, ustanowił rekord świata w długości skoku (194 m) wstrząsając tym samym świat skoków, który był niepobity przez następne 7 lat Piotr Fijas
59%
Reprezentant Austrii, dwukrotny złoty medalista olimpijski, czterokrotny medalista mistrzostw świata, zwycięzca TCS w sezonie 2009/10 Andreas Kofler
55%
Polski skoczek narciarski, uczestnik olimpiady w latach 1932-1952, najlepszy sportowiec Polski 1938, a także podporucznik AK odznaczony orderem Virtuti Militari Stanisław Marusarz
46%
Austriacki skoczek, trzykrotny zdobywca Kryształowej Kuli, jako pierwszy oddał skok ponad 200 metrowy lecz nie zdołał go ustać Andreas Goldberger
44%
Austriacki skoczek, zdobywca PŚ 2011/12, mistrz świata, brązowy medalista igrzysk z Vancouver i Soczi Anders Bardal
37%
Reprezentujący NRD i później Niemcy mistrz olimpijski indywidualnie jak i drużynowo, zwycięzca 33 konkursów PŚ Jens Weisflog
34%
Fiński skoczek narciarski, zdobywca PŚ 2011/12, czterokrotny medalista olimpijski, mistrz świata z Val di Fiemme Matti Hautamaeki
19%
Nie znaleziono quizów pasujących do podanych kryteriów
Rozkład punktacji
Procent ludzi z każdym wynikiem
Percentyl według liczby udzielonych odpowiedzi
Twoja historia wyników
Nie rozwiązałeś tego quizu